[Event "AUTO-ADV-1176"]
[Site "http://www.queenalice.com/game.php?id=589004"]
[Date "2009.5.16"]
[Round "2"]
[White "wickedhardcore"]
[Black "neijrodrigues"]
[Result "1-0"]
[WhiteElo "1979"]
[BlackElo "2149"]

1. e4 d5 2. e5 Bf5 3. d4 e6 4. Bd3 Bg6 5. Nf3 c5 6. Bxg6 hxg6 7. Bg5 Qb6 8. Bc1
cxd4 9. Qxd4 Bc5 10. Qd2 Nc6 11. O-O Nh6 12. Nc3 Bb4 13. a3 Be7 14. Qd3 a6 15.
Rb1 Qc7 16. Bf4 O-O-O 17. b4 Nb8 18. b5 Qc4 19. Qxc4+ dxc4 20. bxa6 Nxa6 21. a4
Nf5 22. Ng5 1-0

[Event "AUTO-ADV-1150"]
[Site "http://www.queenalice.com/game.php?id=597691"]
[Date "2009.6.3"]
[Round "2"]
[White "neijrodrigues"]
[Black "ocarrasco"]
[Result "0-1"]
[WhiteElo "1701"]
[BlackElo "1823"]

1. Nf3 d6 2. g3 Nf6 3. Bg2 g6 4. d3 Bg7 5. c4 O-O 6. O-O c6 7. Nc3 e5 8. Qc2 Ne8
9. e4 f5 10. Bg5 Nf6 11. Qd2 Be6 12. c5 Na6 0-1

[Event "AUTO-ADV-1150"]
[Site "http://www.queenalice.com/game.php?id=597692"]
[Date "2009.6.3"]
[Round "2"]
[White "ocarrasco"]
[Black "neijrodrigues"]
[Result "1-0"]
[WhiteElo "1834"]
[BlackElo "1690"]

1. e4 d5 2. exd5 Nf6 3. c4 c6 4. dxc6 Nxc6 5. g3 e5 6. Bg2 Bc5 7. Nf3 O-O 8. O-O
Bg4 9. d3 e4 10. dxe4 Qxd1 11. Rxd1 Nxe4 12. Be3 Bxe3 13. fxe3 Ne5 14. Rf1 1-0

[Event "AUTO-ADV-1150"]
[Site "http://www.queenalice.com/game.php?id=597693"]
[Date "2009.6.3"]
[Round "2"]
[White "neijrodrigues"]
[Black "andrevillares"]
[Result "0-1"]
[WhiteElo "1770"]
[BlackElo "1929"]

1. Nf3 d5 2. c4 d4 3. b4 Nf6 4. Bb2 e6 5. a3 c5 6. d3 b6 7. g3 Be7 8. Bg2 Bb7 9.
b5 O-O 10. O-O Nbd7 11. Nbd2 e5 12. Qc2 a6 13. Nh4 Bxg2 14. Kxg2 axb5 15. cxb5
Qc7 0-1

[Event "AUTO-ADV-1150"]
[Site "http://www.queenalice.com/game.php?id=597694"]
[Date "2009.6.3"]
[Round "2"]
[White "andrevillares"]
[Black "neijrodrigues"]
[Result "1-0"]
[WhiteElo "1919"]
[BlackElo "1780"]

1. d4 g6 2. e4 Bg7 3. Nf3 c5 4. Bc4 cxd4 5. Nxd4 Nc6 6. Be3 d6 7. O-O Nf6 8. Nc3
O-O 9. f3 Bd7 10. Qd2 Ne5 11. Bb3 Rc8 12. Bh6 Bxh6 13. Qxh6 Qb6 14. Rad1 Nc4 15.
Kh1 Nxb2 16. Nde2 1-0

[Event "AUTO-ADV-1150"]
[Site "http://www.queenalice.com/game.php?id=597695"]
[Date "2009.6.3"]
[Round "2"]
[White "neijrodrigues"]
[Black "carlos81"]
[Result "0-1"]
[WhiteElo "1826"]
[BlackElo "1824"]

1. e4 c5 2. Nf3 d6 3. d4 cxd4 4. Nxd4 Nf6 5. Nc3 e5 6. Bb5+ Bd7 7. Bxd7+ Qxd7 8.
O-O exd4 9. Qxd4 Nc6 10. Qa4 Be7 11. Bf4 O-O 12. Rad1 Qe6 13. Rfe1 Ne5 14. Nd5
Nxd5 15. exd5 Qf6 16. Bxe5 dxe5 17. c4 Bc5 0-1

[Event "AUTO-ADV-1150"]
[Site "http://www.queenalice.com/game.php?id=597696"]
[Date "2009.6.3"]
[Round "2"]
[White "carlos81"]
[Black "neijrodrigues"]
[Result "1-0"]
[WhiteElo "1840"]
[BlackElo "1810"]

1. d4 g6 2. c4 Bg7 3. Nc3 c5 4. Nf3 cxd4 5. Nxd4 Nf6 6. e3 Nc6 7. Be2 O-O 8. O-O
d6 9. Bf3 Bd7 10. Nd5 Rb8 11. Nxc6 bxc6 12. Nxf6+ Bxf6 13. Rb1 Qa5 14. a3 Be6
15. b4 Qa6 16. b5 cxb5 17. cxb5 Qa5 18. Bb2 Bxb2 19. Rxb2 1-0

[Event "AUTO-ADV-1186"]
[Site "http://www.queenalice.com/game.php?id=597703"]
[Date "2009.6.3"]
[Round "2"]
[White "neijrodrigues"]
[Black "anderson_amorim89"]
[Result "1-0"]
[WhiteElo "1927"]
[BlackElo "1763"]

1. e4 c5 2. f4 e6 3. Nf3 Nc6 4. c3 Be7 5. Bd3 d5 6. O-O Qb6 7. Kh1 c4 8. Bc2 Nf6
9. e5 Nd7 10. d4 cxd3 11. Qxd3 g6 12. b4 a5 13. Be3 Qc7 14. b5 1-0

[Event "AUTO-ADV-1186"]
[Site "http://www.queenalice.com/game.php?id=597704"]
[Date "2009.6.3"]
[Round "2"]
[White "anderson_amorim89"]
[Black "neijrodrigues"]
[Result "0-1"]
[WhiteElo "1754"]
[BlackElo "1936"]

1. e4 b6 2. Nf3 Bb7 3. Nc3 e6 4. d4 Bb4 5. Bd3 c5 6. Bd2 Ne7 7. a3 cxd4 8. Nxd4
Bxc3 9. Bxc3 O-O 10. Qg4 Ng6 11. Ne2 Qh4 12. Qxh4 Nxh4 13. O-O d5 0-1

[Event "AUTO-ADV-1186"]
[Site "http://www.queenalice.com/game.php?id=597705"]
[Date "2009.6.3"]
[Round "2"]
[White "neijrodrigues"]
[Black "r_maltz"]
[Result "0-1"]
[WhiteElo "1844"]
[BlackElo "1887"]

1. Nf3 d5 2. c4 c6 3. g3 Bg4 4. Bg2 e6 5. b3 Nd7 6. Bb2 Ngf6 7. O-O Bd6 8. d4 c5
9. cxd5 exd5 10. Ne5 Be6 11. Nxd7 Qxd7 12. dxc5 Bxc5 13. Bxf6 gxf6 14. Nc3 Rd8
15. Qd3 d4 16. Ne4 Be7 17. Rac1 b6 18. Nxf6+ Bxf6 19. Bc6 O-O 0-1

[Event "AUTO-ADV-1186"]
[Site "http://www.queenalice.com/game.php?id=597706"]
[Date "2009.6.3"]
[Round "2"]
[White "r_maltz"]
[Black "neijrodrigues"]
[Result "1-0"]
[WhiteElo "1950"]
[BlackElo "1729"]

1. d4 g6 2. c4 Bg7 3. Nf3 c5 4. Nc3 cxd4 5. Nxd4 Nc6 6. e3 Nf6 7. Nf3 O-O 8. Bd3
d5 9. O-O dxc4 10. Bxc4 Qxd1 11. Rxd1 Bg4 12. Be2 Rfd8 13. h3 Bf5 14. Bd2 Nb4
15. g4 Bc2 16. Rdc1 Bd3 17. Rd1 Rac8 18. Nd4 e5 19. Nf3 e4 20. Nd4 Nfd5 21. Bxd3
1-0

[Event "AUTO-ADV-1179"]
[Site "http://www.queenalice.com/game.php?id=605024"]
[Date "2009.6.17"]
[Round "2"]
[White "gordonpdx"]
[Black "neijrodrigues"]
[Result "1-0"]
[WhiteElo "2042"]
[BlackElo "1852"]

1. b3 e5 2. Bb2 d6 3. e3 f5 4. d4 Nc6 5. Nf3 e4 6. Nfd2 Nf6 7. c4 Be7 8. Be2 O-O
9. O-O a6 10. d5 Nb8 11. Nc3 b6 12. f3 exf3 13. Nxf3 Nbd7 14. Ng5 Nc5 15. b4
Nce4 16. Ncxe4 1-0

[Event "AUTO-ADV-1179"]
[Site "http://www.queenalice.com/game.php?id=605025"]
[Date "2009.6.17"]
[Round "2"]
[White "neijrodrigues"]
[Black "gordonpdx"]
[Result "0-1"]
[WhiteElo "1861"]
[BlackElo "2033"]

1. e4 Nc6 2. d3 e5 3. Nf3 Bc5 4. g3 Nf6 5. Bg2 O-O 6. O-O d6 7. c3 Bd7 8. b4 Bb6
9. a4 a5 10. b5 Ne7 11. Bg5 Ng6 12. Na3 h6 13. Bxf6 Qxf6 14. Nc4 Bc5 0-1

[Event "AUTO-ADV-1179"]
[Site "http://www.queenalice.com/game.php?id=605030"]
[Date "2009.6.17"]
[Round "2"]
[White "neijrodrigues"]
[Black "andrevillares"]
[Result "0-1"]
[WhiteElo "1791"]
[BlackElo "1908"]

1. e4 c6 2. d3 d5 3. Nd2 e5 4. Ngf3 Bg4 5. g3 Bc5 6. Bg2 Nd7 7. O-O Ngf6 8. Qe2
dxe4 9. dxe4 O-O 10. Nb3 Bb6 11. Rd1 Qe7 12. h3 Bh5 0-1

[Event "AUTO-ADV-1179"]
[Site "http://www.queenalice.com/game.php?id=605031"]
[Date "2009.6.17"]
[Round "2"]
[White "andrevillares"]
[Black "neijrodrigues"]
[Result "1-0"]
[WhiteElo "1939"]
[BlackElo "1760"]

1. d4 Nf6 2. c4 c5 3. d5 b5 4. Nf3 g6 5. a4 bxc4 6. Nc3 d6 7. e4 Ba6 8. a5 Nbd7
9. Qa4 Rb8 10. Bxc4 Rb4 11. Bxa6 Rxa4 12. Rxa4 1-0

[Event "AUTO-ADV-1179"]
[Site "http://www.queenalice.com/game.php?id=605032"]
[Date "2009.6.17"]
[Round "2"]
[White "neijrodrigues"]
[Black "aragats"]
[Result "0-1"]
[WhiteElo "1722"]
[BlackElo "1883"]

1. e4 e5 2. f4 exf4 3. Nf3 g5 4. Bc4 g4 5. O-O gxf3 6. Qxf3 Bc5+ 7. Kh1 Nc6 8.
Qxf4 f6 9. Nc3 d6 10. Bxg8 Rxg8 11. Nd5 Bd4 0-1

[Event "AUTO-ADV-1179"]
[Site "http://www.queenalice.com/game.php?id=605033"]
[Date "2009.6.17"]
[Round "2"]
[White "aragats"]
[Black "neijrodrigues"]
[Result "1-0"]
[WhiteElo "1893"]
[BlackElo "1712"]

1. f4 f5 2. Nf3 Nf6 3. e3 g6 4. b3 Bg7 5. Bb2 e6 6. Be2 O-O 7. O-O d6 8. d3 b6
9. Qe1 Bb7 10. Nbd2 Nbd7 11. Ng5 Qe7 12. Qh4 h6 13. Nh3 Rae8 14. Qg3 1-0

[Event "AUTO-ADV-1188"]
[Site "http://www.queenalice.com/game.php?id=606133"]
[Date "2009.6.19"]
[Round "2"]
[White "art"]
[Black "neijrodrigues"]
[Result "1-0"]
[WhiteElo "2434"]
[BlackElo "1830"]

1. e4 e5 2. Nf3 d6 3. Nc3 Nf6 4. d4 Bg4 5. dxe5 Bxf3 6. gxf3 dxe5 7. Qxd8+ Kxd8
8. Be3 c6 9. Bc4 Bb4 10. Rg1 Bxc3+ 11. bxc3 b6 12. Rxg7 1-0

[Event "AUTO-ADV-1188"]
[Site "http://www.queenalice.com/game.php?id=606134"]
[Date "2009.6.19"]
[Round "2"]
[White "neijrodrigues"]
[Black "art"]
[Result "0-1"]
[WhiteElo "1828"]
[BlackElo "2435"]

1. e4 Nc6 2. c4 e5 3. Nc3 Bc5 4. Nf3 d6 5. Be2 Nf6 6. O-O O-O 7. a3 h6 8. b4 Bb6
9. Bb2 Bg4 10. h3 Bxf3 11. Bxf3 a5 0-1